Szczegóły MARC21

Przewodnik do ćwiczeń z genetyki /

003 -Nazwa inst., której nr kontr. jest w polu 001 [,]
    • @
    • Nazwa instytucji, której n kontrolny jest w polu 001
    • NUKAT
005 -DATA I CZAS OSTATNIEJ MODYFIKACJI [,]
    • @
    • pole kontrolne
    • 20241231095402.0
040 -Instytucja sporządzająca opis [ , ]
    • a
    • Instytucja, która sporządziła opis (NP)
    • KAT U/23BB
    • c
    • Instytucja, która sporządziła rekord (NP)
    • KAT U/23BBmok
    • d
    • Instytucja, która zmodyfikowała rekord (P)
    • KAT U/23BBmok
    • d
    • Instytucja, która zmodyfikowała rekord (P)
    • Ł U/APs
942 -Rodzaj dokumentu [ , ]
    • c
    • Rodzaj dokumentu
    • Książka
100 -Hasło główne - nazwa osobowa [1, ]
    • a
    • Nazwa osobowa (NP)
    • Bulsiewicz-Wikieł, Henryka.
    • 9
    • KHW
    • 433419
245 -Strefa tytułu i oznaczenia odpowiedzialności [1,0]
    • a
    • Tytuł
    • Przewodnik do ćwiczeń z genetyki / Find
    • c
    • Pozostałe elementy strefy tytułu i oznaczenia odpowiedzialności (NP)
    • Henryka Bulsiewicz.
250 -Strefa wydania [ , ]
    • a
    • Oznaczenie wydania (NP)
    • Wyd. 3.
260 -Strefa adresu wydawniczego [ , ]
    • a
    • Miejsce wydania (P)
    • Słupsk :
    • b
    • Nazwa wydawcy (P)
    • Wyższa Szkoła Pedagogiczna,
    • c
    • Data wydania (P)
    • 1991.
300 -Strefa opisu fizycznego [ , ]
    • a
    • Określenie formy książki i/lub objętość (NP)
    • 81 s. :
    • b
    • Oznaczenie ilustracji (NP)
    • il. ;
    • c
    • Format (NP)
    • 21 cm.
336 -Typ zawartości [ , ]
    • a
    • Termin opisujący typ zawartości
    • Tekst
    • b
    • Kod określający zawartość
    • txt
    • 2
    • Źródło (terminu i kodu)
    • rdacontent
337 -Typ mediów [ , ]
    • a
    • Tryb odtwarzania
    • Bez urządzenia pośredniczącego
    • b
    • Kod typu mediów
    • n
    • 2
    • Źródło (terminu i kodu)
    • rdamedia
338 -Typ/rodzaj nośnika [ , ]
    • a
    • Hasło opisujące typ nośnika
    • Wolumin
    • b
    • Kod typu nośnika
    • nc
    • 2
    • Źródło (terminu i kodu)
    • rdacarrier
080 -Uniwersalna Klasyfikacja Dziesiętna [ , ]
    • a
    • Symbol klasyfikacji
    • 575(075.8)(070)
650 -Hasło przedmiotowe [ ,7]
    • a
    • Hasło przedmiotowe
    • Genetyka
    • v
    • Określnik formalny
    • zadania i ćwiczenia.
    • 2
    • Źródło terminu
    • kaba
    • 9
    • KHW
    • 351067
980 -Symbol UKD [ , ]
    • a
    • UKD
    • 575(075.8)(070)
710 -Hasło dodatkowe - nazwa ciała zbiorowego [2, ]
    • a
    • Nazwa ciała zbiorowego lub nazwa geograficzna jako pierwszy element (NP)
    • Wyższa Szkoła Pedagogiczna (Słupsk).
    • 4
    • Kod relacji
    • pbl
    • 9
    • KHW
    • 10871
Numer inwentarzowy Status udost. Lokalizacja Data inwentaryzacji Sygnatura
W.179885-3BG1999-06-16 
W.178392-3BG1999-06-16 
Pd.129131BG1999-11-02egz. arch.